000 00211 a2200097 4500
001 18740
100 _aBalighuddin S
245 _aRizm-e-haq-o-batil
260 _a
_bparadize Pub a
_c1973
090 _c13896
_d13896
942 _aNUST-CAE
_cM
_c4331
999 _c253813
_d253813